00618 2200241 4500001002100000005001500021035002000036007000300056008004100059020000600100082001700106084002300123100001600146245003900162250000600201260002800207300003000235650002500265650001200290700002400302856002800326990002200354INLIS00000000000754220250711035123 a0010-0725000057ta250711 0 ind  a- a330.115(075) a330.115(075) JOH p0 aJOHANNES, H1 aPengantar Matematika Untuk Ekonomi a- aJakarta :bLP3ES,c1974 a477p. :bilus ;c23 cme- 4aPengantar matematika 4aEkonomi0 aBudiono Sri Handoko aPerpustakaan BRMP Jatim a3992025/BRMPJATIM